000 00887nam a22002537a 4500
005 20130510160514.0
008 120824t xxu||||| |||| 00| 0 eng d
010 _aENG-105622
020 _c250.00
_a9788184301625
035 _aEN-89155
035 _aB-498037-066
037 _bDBAD/PUB
037 _bOcean Books Pvt. Ltd./Ven
040 _aDPL
_bEng
082 _a796.4809
100 _951282
_aKhandurie, Vijaya
245 _aThe Olympics Games quiz book /
_cby Vijaya Khandurie
246 _aThe Olympics Games quiz book
260 _aNew Delhi
_bOcean Books
_c2012
270 _a4/19 Asaf Ali Road
_bNew Delhi
_e110002
300 _a176p.
_c22cm(Hb)
942 _2ddc
_cEN
_mKHA
_h796.4809
999 _c69285
_d69285